000 00288nam a22001337a 4500
008 180926b xxu||||| |||| 00| 0 eng d
020 _a9780670022151
041 _aeng
080 _a004
100 _a28
101 _aSHK
245 _aWhat Technology wants
_cKelly,K
942 _2udc
_cBK
999 _c48477
_d48477